000 00668nam a2200217 i 4500
001 138287
003 ES-MaACL
005 20250724074557.0
007 t|
008 070214m19101916sp r ||||1| spa d
100 1 _aSánchez Vidal, Bernardino.
_9102984
245 1 0 _aLecciones de álgebra /
_cpor Bernardino Sánchez Vidal ; corregidas y aumentadas por Alfredo Sánchez Benito.
250 _a7ª ed.
260 _aMadrid :
_bHernando,
_c1910-16.
300 _a2 v. ;
_c22 cm.
500 _aEl t. II es 6ª ed.
650 7 _aÁlgebra
_2embne
_99720
700 1 _aSánchez Benito, Alfredo.
_9102493
852 _aES-MaACL
_jF-3439-40
999 _c138287
_d138287